| 000 | 00501cam a2200205 4500 | ||
|---|---|---|---|
| 001 | B3511 | ||
| 008 | 090401t1993 xxu||||| |||| 00| 0 eng d | ||
| 035 | _a(Sirsi) u97456 | ||
| 041 | _aeng | ||
| 245 | 4 | _aThe future of the decapitalisation rate | |
| 260 |
_bRICS _c1993 |
||
| 300 | _a7p | ||
| 350 | _a0 | ||
| 490 |
_aRICS Memorandum _vGCPPA Report (93)3) 17 |
||
| 650 | _aDECAPITALISATION RATE | ||
| 650 | _aREVALUATION | ||
| 690 | _aRATING AND VALUATION | ||
| 942 | _n0 | ||
| 948 | _c04/03/1997 | ||
| 999 |
_c98900 _d98900 |
||